000 00647nam a2200241 a 4500
999 _c4425
_d4425
001 4425
003 BD-JhCC
005 20171127130217.0
008 171127s19631964p p|||| || | 001 0 eng d
035 _a(BD-JhCC)4425
040 _aBD-JhCC
_dBD-JhCC
041 _aeng
082 _a355.095491
_bKHA 1964
100 _aKhan, Major General Fazal Muqeem
245 _aThe Story of the Pakistan Army /
_c Major General Fazal Muqeem Khan, S.Q.A.
250 _a2nd ed.
260 _aLahore :
_bOxford Universty Press,
_c1964.
300 _a250 p. :
_bill. ;
_c21 cm.
650 _aArmy
650 _aPakistan
942 _2ddc
_cBK